NFL First-Team All Pro Running Backs - Statistics

General Stats
  • This quiz has been taken 805 times
    458 since last reset
  • The average score is 69 of 101
Answer Stats
Year Team Running Back % Correct
2024 Eagles Saquon Barkley
99%
2023 49ers Christian McCaffrey
98%
2019 Panthers Christian McCaffrey
98%
2020 Titans Derrick Henry
97%
2016 Cowboys Ezekiel Elliott
96%
2021 Colts Jonathan Taylor
96%
2015 Vikings Adrian Peterson
95%
2012 Vikings Adrian Peterson
95%
2009 Vikings Adrian Peterson
95%
2008 Vikings Adrian Peterson
95%
2022 Raiders Josh Jacobs
93%
1995 Cowboys Emmitt Smith
91%
1994 Cowboys Emmitt Smith
91%
1993 Cowboys Emmitt Smith
91%
1992 Cowboys Emmitt Smith
91%
2018 Rams Todd Gurley
91%
2017 Rams Todd Gurley
91%
2007 Chargers LaDainian Tomlinson
89%
2006 Chargers LaDainian Tomlinson
89%
2004 Chargers LaDainian Tomlinson
89%
1997 Lions Barry Sanders
88%
1995 Lions Barry Sanders
88%
1994 Lions Barry Sanders
88%
1991 Lions Barry Sanders
88%
1990 Lions Barry Sanders
88%
1989 Lions Barry Sanders
88%
2012 Seahawks Marshawn Lynch
87%
2013 Eagles LeSean McCoy
85%
2011 Eagles LeSean McCoy
85%
2009 Titans Chris Johnson
81%
1985 Bears Walter Payton
81%
1984 Bears Walter Payton
81%
1980 Bears Walter Payton
81%
1977 Bears Walter Payton
81%
1976 Bears Walter Payton
81%
2014 Steelers Le'Veon Bell
80%
2006 Chiefs Larry Johnson
79%
2001 Rams Marshall Faulk
79%
2000 Rams Marshall Faulk
79%
1999 Rams Marshall Faulk
79%
1970 Giants Ron Johnson
79%
1988 Colts Eric Dickerson
78%
1987 Colts/Rams Eric Dickerson
78%
1986 Rams Eric Dickerson
78%
1984 Rams Eric Dickerson
78%
1983 Rams Eric Dickerson
78%
2005 Seahawks Shaun Alexander
76%
2013 Chiefs Jamaal Charles
75%
2010 Chiefs Jamaal Charles
75%
1976 Bills O.J. Simpson
74%
1975 Bills O.J. Simpson
74%
1974 Bills O.J. Simpson
74%
1973 Bills O.J. Simpson
74%
1972 Bills O.J. Simpson
74%
2014 Cowboys DeMarco Murray
70%
1996 Steelers Jerome Bettis
69%
1993 Rams Jerome Bettis
69%
1998 Broncos Terrell Davis
69%
1997 Broncos Terrell Davis
69%
1996 Broncos Terrell Davis
69%
2005 Giants Tiki Barber
67%
2004 Jets Curtis Martin
66%
2015 Buccaneers Doug Martin
66%
2011 Jaguars Maurice Jones-Drew
66%
2010 Texans Arian Foster
64%
1992 Steelers Barry Foster
64%
2003 Ravens Jamaal Lewis
62%
2003 Chiefs Priest Holmes
62%
2002 Chiefs Priest Holmes
62%
2001 Chiefs Priest Holmes
62%
1999 Colts Edgerrin James
60%
2002 Dolphins Ricky Williams
59%
1978 Dolphins Delvin Williams
58%
1991 Bills Thurman Thomas
58%
1990 Bills Thurman Thomas
58%
2000 Titans Eddie George
57%
1977 Steelers Franco Harris
57%
1980 Oilers Earl Campbell
56%
1979 Oilers Earl Campbell
56%
1978 Oilers Earl Campbell
56%
1985 Raiders Marcus Allen
55%
1982 Raiders Marcus Allen
55%
1983 Redskins John Riggins
46%
1973 Dolphins Larry Csonka
46%
1971 Dolphins Larry Csonka
46%
1972 Redskins Larry Brown
44%
1970 Redskins Larry Brown
44%
1981 Cowboys Tony Dorsett
42%
2007 Eagles Brian Westbrook
40%
1998 Falcons Jamaal Anderson
38%
2008 Falcons Michael Turner
38%
1979 Cardinals Ottis Anderson
38%
1988 49ers Roger Craig
37%
1989 Chiefs Christian Okoye
32%
1987 Rams Charles White
23%
1981 Lions Billy Sims
19%
1986 Giants Joe Morris
15%
1975 Vikings Chuck Foreman
13%
1982 Jets Freeman McNeil
12%
1971 Packers John Brockington
5%
1974 Broncos Ottis Armstrong
5%
No matching quizzes found
Score Distribution
Percent of People with Each Score
Percentile by Number Answered
Your Score History
You have not taken this quiz since the last reset